Campus habitacional universitario.
Guardado en:
| Formato: | |
|---|---|
| Materias: | |
| Etiquetas: |
Agregar Etiqueta
Sin Etiquetas, Sea el primero en etiquetar este registro!
|
| LEADER | 00852ngm a22002295g 4500 | ||
|---|---|---|---|
| 001 | CEM.cems022098 | ||
| 008 | 130507b1994##################0###0#####d | ||
| 005 | 20241004134317.0 | ||
| 245 | 0 | 0 | |a Campus habitacional universitario. |
| 300 | |a 07'. | ||
| 500 | |a En soporte VHS, consultar en ventanilla. | ||
| 505 | 0 | |a La Plata: ciudad universitaria. Presentación del campus habitacional. Servicios que brinda: habitaciones, salas de estudio, apoyo educativo. | |
| 538 | |a Soporte: VHS - Norma: Pal N - Color - Grabación DRD 1994 - Hitachi=3486 | ||
| 082 | 3 | 7 | |/ DRD-1 |
| 653 | |a LA PLATA | ||
| 653 | |a UNIVERSIDAD | ||
| 653 | |a EDUCACION | ||
| 653 | |a CAMPUS HABITACIONAL | ||
| 653 | |a RESIDENCIAS ESTUDIANTILES | ||
| 653 | |a CIUDAD UNIVERSITARIA | ||
| 653 | |a NIVEL SECUNDARIO | ||
| 859 | |a CEMS |b BIB. CEMS - Depto. Recursos Didacticos |h 370 |i DRD-1 |k DRD |p 741.12 |t Ej.1 | ||
